| 000 | 01070pam a2200349 a 4500 | ||
|---|---|---|---|
| 001 | 4278903 | ||
| 003 | OSt | ||
| 005 | 20140310182718.0 | ||
| 008 | 851001t19851946ilu b 000 0 eng | ||
| 010 | _a 85025343 | ||
| 040 |
_aDLC _cDLC _dDLC |
||
| 041 | 1 |
_aeng _hfre |
|
| 050 | 0 | 0 |
_aPQ 2082 _b.D278 1946 |
| 082 | 0 | 0 |
_aM 843.5 _bV88 1946 |
| 100 | 1 |
_aVoltaire, _d1694-1778. |
|
| 240 | 1 | 0 |
_aCandide. _lEnglish |
| 245 | 1 | 0 |
_aCandide or optimism / _cde Voltaire, Francois-Marie Arouet ; edited by Torrey, Norman L. |
| 260 |
_aNew York : _bAppleton-Century-Crofts, Inc., _cc1946. |
||
| 300 |
_ax, 117 p. ; _c17 cm. |
||
| 490 | 0 | _aCrofts classics | |
| 500 | _aTranslation of Candide. | ||
| 504 | _aBibliography: p. 117. | ||
| 521 | _aCollege Students | ||
| 526 | _c1210L-1700L | ||
| 541 | _j1 | ||
| 562 | _eFor circulation. 1 copy available in the collection | ||
| 700 | 1 |
_aTorrey, Norman L. _q(Norman Lewis), _d1894-1980. |
|
| 740 | 0 | _aCandide. | |
| 740 | 0 | _aOptimism. | |
| 906 |
_a7 _bcbc _corignew _d1 _eocip _f19 _gy-gencatlg |
||
| 942 |
_2lcc _cBK _kM |
||
| 999 |
_c15300 _d15300 |
||